000 01037nam a2200289 i 4500
003 EG-GICUC
005 20260121101330.0
008 251121s1962 fred|||fr|||| 00| 0 fre d
040 _aEG-GiCUC
_bfre
_cEG-GiCUC
_dEG-GiCUC
_eRda
041 0 _afre
082 0 4 _221
_a338.9
_bWI.M
092 0 4 _221
099 _aLaw1 13 338.9 WI.M 1962
100 1 _aWinsemius, albert
_eAuteur
245 1 0 _aMéthodes de développement industriel :
_bEt leur application aux pays en voie de développement /
_cPar Albert winsemius .
264 1 _aParis :
_bOrganisation de cooperation et de developpement economiques,
_c1962.
300 _a 359 page :
_bTableaux ;
_c 24 cm.
336 _2rda contenu
_a texte
337 _2rda medias
_aOrdinateur
338 _2 transporteur rda
_a Ressource en ligne
546 _aTexte en français
650 1 4 _aFinances publiques et législation fiscale
700 1 _a A. pincus, john
_eCo-Auteur
856 4 0 _uhttps://fll.law.cu.edu.eg/fulltext/bks/B13-07591.pdf
905 _a77
942 _2ddc
_cBK
_e21
_n0
999 _c45234
_d45234